Jornadas sobre Gobierno Local y Empleo : recull de ponències, 6 i 7 de maig de 1999, Centre Cultural Caixa de Catalunya recull de ponències, 6 i 7 de maig de 1999, Centre Cultural Caixa de Catalunya
Descripción Física:
83 p. ; 30 cm
MARC
| LEADER | 00000nam a2200000Ia 4500 | ||
|---|---|---|---|
| 001 | 12540 | ||
| 003 | BGR | ||
| 005 | 20260324175601.0 | ||
| 008 | 160829s9999 xx 000 0 cat d | ||
| 080 | |a M-1-158 | ||
| 111 | |a Jornades sobre Govern Local i Ocupació |9 71310 |c (Barcelona : |d 1999) | ||
| 245 | |a Jornadas sobre Gobierno Local y Empleo : |b recull de ponències, 6 i 7 de maig de 1999, Centre Cultural Caixa de Catalunya | ||
| 260 | |a Barcelona : |b Diputació de Barcelona. Àrea de Promoció Econòmica, [1999?] | ||
| 300 | |a 83 p. ; |c 30 cm | ||
| 590 | |a Text a dues columnes. | ||
| 590 | |a Un altre exemplar en llengua catalana amb R. 12539 | ||
| 650 | 0 | |a Administració local |z Catalunya |v Congressos |9 32128 | |
| 650 | |a Ocupació |x Catalunya |x Congressos |9 34068 | ||
| 710 | 1 | |a Barcelona (Catalunya : Província). |b Àrea de Promoció Econòmica |9 55033 | |
| 901 | |a Arxiu | ||
| 942 | |n 1 |2 udc |c JC | ||
| 952 | |0 0 |1 0 |4 0 |6 M1158 |7 1 |9 46375 |a Arxiu |b Arxiu |d 2016-12-01 |l 0 |o M-1-158 |p 12540 |r 2016-12-01 00:00:00 |w 2016-12-01 |y ARXIU | ||
| 999 | |c 50160 |d 50160 | ||